000 00904nac a22002897a 4500
001 BR8201982
003 BR-BrBNA
005 20240105115301.0
008 230509b bl.|||m| |||| 00| 0 por d
040 _aBR-BrBNA
_bpor
_cBiblioteca Nacional de Agricultura
072 _aE30; E15
090 _aE30 BR8201982
110 1 _aSecretaria da Agricultura, Maceio, AL (Brasil)
_98475
245 1 _aRelatorio marco-79/janeiro/82 [Secretaria da Agricultura, Alagoas, Brasil]
260 3 _aMaceio, AL (Brasil):
_c1982.
300 _a119 p.
490 _aRelatorio - Secretaria da Agricultura (Brazil)
_v
_x
650 _aPOLITICA AGRICOLA
650 _aPROJETO AGRICOLA
650 _aPROJETO PECUARIO
650 _aORCAMENTO
650 _aPLANEJAMENTO AGRICOLA
650 _aADMINISTRACAO PUBLICA
650 _aALAGOAS
909 _a202312
_bLúcia Elande
_c55
_dLúcia Elande
942 _2AGRIS
_n0
_cMS
999 _c274063
_d274063